Introduction à la philosophie de Kant

Uloženo v:
Podrobná bibliografie
Hlavní autor: Goldmann, Lucien (Autor)
Médium: Kniha
Jazyk:francouzština
Vydáno: París Gallimard 1967
Edice:Collection Idées
Témata:
Tagy: Přidat tag
Žádné tagy, Buďte první, kdo vytvoří štítek k tomuto záznamu!

MARC

LEADER 00000nam a2200000 a 4500
001 UCZ4742
003 CL-VaPUC
008 951110e19670000FR |||||||||||||||||fre|d
082 0 4 |a 110  |b GOL  |2 21 
100 |a Goldmann, Lucien  |e author  |9 412435 
245 1 0 |a Introduction à la philosophie de Kant 
300 |a 310 p 
600 0 |a Kant, Immanuel,  |d 1724-1804  |9 858687 
942 |c BK 
945 |d 19951110 00:00:00  |a lriquelm 
260 |a París  |b Gallimard  |c 1967 
650 0 |a Metafísica  |9 265649 
650 0 |a Filosofía alemana   |9 265002 
650 0 |a Filosofía del espíritu  |9 320175 
650 0 |a Muerte  |9 265114 
650 7 |a HOMBRE  |2 CL-VaPUC  |9 262149 
583 |a last modification  |c 19951110 00:00:00  |k Rodrigo Vera 
490 0 |a Collection Idées 
999 |c 241109  |d 241107 
952 |0 0  |1 0  |4 0  |6 110_000000000000000_GOL_1967  |7 0  |8 P  |9 253272  |a BIBEDU  |b BIBEDU  |c BIBEDU_PB  |d 2019-11-19  |i 1597973  |o 110 GOL 1967  |p 1597973  |r 2024-01-25  |w 2019-11-19  |y BK  |k FIL